Missing Word: TV Shows from Books Quiz Stats

Quiz Updated Jun 13, 2017

Challenge
Share
Tweet
Embed
Score 0/0 Timer 00:00
1 Play Today
TV Show Missing Word % Correct
_____ and the CitySex
95.3%
Game of _____Thrones
94.7%
The Walking _____Dead
92.1%
Gossip _____Girl
91.7%
_____ of CardsHouse
91.2%
Little House on the _____Prairie
89.3%
Pretty Little _____Liars
83.9%
_____ Night LightsFriday
82.7%
_____ BloodTrue
78.2%
8 _____ RulesSimple
71.4%
TV Show Missing Word % Correct
Agatha _____'s MarpleChristie
69.4%
_____ EmpireBoardwalk
63.9%
The _____ DiariesVampire
63.2%
Homicide: _____ on the StreetLife
54.4%
The Carrie _____Diaries
51%
_____ & IslesRizzoli
45.2%
Under the _____Dome
42.1%
Women's _____ ClubMurder
32.2%
The _____ GameLying
13.3%
Sugar _____Rush
7.3%

Today's Daily Dose

You're not logged in!

Compare scores with friends on all Sporcle quizzes.
Sign Up with Email
OR
Log In

You Might Also Like...

Show Comments

Extras

Top Quizzes Today


Score Distribution

Your Account Isn't Verified!

In order to create a playlist on Sporcle, you need to verify the email address you used during registration. Go to your Sporcle Settings to finish the process.

Report this User

Report this user for behavior that violates our Community Guidelines.

Details: